书目信息 |
| 题名: |
GIS程序设计教程
|
|
| 作者: | 张丰 , 杜震洪 , 刘仁义 编著 | |
| 分册: | ||
| 出版信息: | 杭州 浙江大学出版社 2019 |
|
| 页数: | 219页 | |
| 开本: | 26cm | |
| 丛书名: | ||
| 单 册: | ||
| 中图分类: | P208.2 , TP312C | |
| 科图分类: | ||
| 主题词: | 地理信息系统--程序设计--应用软件--教材 , C语言--程序设计--教材 | |
| 电子资源: | ||
| ISBN: | 978-7-308-09884-7 | |
| 000 | 01009nam0 2200301 45 | |
| 001 | 012001005257 | |
| 005 | 20140101154428.0 | |
| 010 | @a978-7-308-09884-7@dCNY29.00 | |
| 100 | @a20120815d2012 em y0chiy50 ea | |
| 101 | 0 | @achi |
| 102 | @aCN@b330000 | |
| 105 | @ay z 000yy | |
| 106 | @ar | |
| 200 | 1 | @aGIS程序设计教程@9GIS cheng xu she ji jiao cheng@e基于ArcGIS Engine的C#开发实例@f张丰,杜震洪,刘仁义编著 |
| 210 | @a杭州@c浙江大学出版社@d2019 | |
| 215 | @a219页@d26cm | |
| 300 | @a地球科学类专业实验与实践系列教材 | |
| 330 | @a本书主要介绍了组件式GIS开发技术,重点是利用ArcGIS Engine开发组件库,在.Net环境下利用C#语言进行GIS程序开发。 | |
| 606 | 0 | @a地理信息系统@x程序设计@x应用软件@j教材 |
| 606 | 0 | @aC语言@x程序设计@j教材 |
| 610 | 0 | @aArcGIS |
| 690 | @aP208.2@v5 | |
| 690 | @aTP312C@v5 | |
| 701 | 0 | @a张丰@9zhang feng@4编著 |
| 701 | 0 | @a杜震洪@9du zhen hong@4编著 |
| 701 | 0 | @a刘仁义@9liu ren yi@4编著 |
| 801 | 0 | @aCN@b江苏凤凰@c20191020 |
| 905 | @b1207806-9@dP208.2@e331@f4 | |
| GIS程序设计教程:基于ArcGIS Engine的C#开发实例/张丰,杜震洪,刘仁义编著.-杭州:浙江大学出版社,2019 |
| 219页;26cm |
| 地球科学类专业实验与实践系列教材 |
| ISBN 978-7-308-09884-7:CNY29.00 |
| 本书主要介绍了组件式GIS开发技术,重点是利用ArcGIS Engine开发组件库,在.Net环境下利用C#语言进行GIS程序开发。 |
| ● |
| 相关链接 |
|
|
|
|
正题名:GIS程序设计教程
索取号:P208.2/331
 
预约/预借
| 序号 | 登录号 | 条形码 | 馆藏地/架位号 | 状态 | 备注 |
| 1 | 1207806 | 212078062 | 第二样本阅览室/ [索取号:P208.2/331] | 在馆 | |
| 2 | 1207807 | 212078071 | 第三借阅区/ [索取号:P208.2/331] | 在馆 | |
| 3 | 1207808 | 212078080 | 第三借阅区/ [索取号:P208.2/331] | 在馆 | |
| 4 | 1207809 | 212078099 | 第三借阅区/ [索取号:P208.2/331] | 在馆 |